হারামণি : (Record no. 2125)
[ view plain ]
| 000 -LEADER | |
|---|---|
| fixed length control field | 00720nam a2200217 a 4500 |
| 001 - CONTROL NUMBER | |
| JCCL Control Number | 2125 |
| 003 - CONTROL NUMBER IDENTIFIER | |
| JCCL marc code | BD-JhCC |
| 005 - DATE AND TIME OF LATEST TRANSACTION | |
| control field | 20171129181717.0 |
| 008 - FIXED-LENGTH DATA ELEMENTS--GENERAL INFORMATION | |
| fixed length control field | 171030s1978 bg |||| ||a| 000 0 ben d |
| 035 ## - SYSTEM CONTROL NUMBER | |
| system control number | (BD-JhCC)2125 |
| 040 ## - CATALOGING SOURCE | |
| Original cataloging agency | BD-JhCC |
| Modifying agency | BD-JhCC |
| 041 ## - LANGUAGE CODE | |
| Language code of Book | ben |
| 082 ## - DEWEY DECIMAL CLASSIFICATION NUMBER | |
| Classification number | 782.42162 |
| Author mark and Year | UDD 1978 |
| 100 ## - MAIN ENTRY--PERSONAL NAME | |
| Personal name | উদ্দীন, মুহাম্মদ মনসুর |
| 245 ## - TITLE STATEMENT | |
| Title | হারামণি : |
| Remainder of title | লোক সঙ্গীত সংগ্রহ / |
| Statement of responsibility, etc | মুহাম্মদ মনসুর উদ্দীন, |
| 260 ## - PUBLICATION, DISTRIBUTION, ETC. (IMPRINT) | |
| Place of publication, distribution, etc | ঢাকা : |
| Name of publisher, distributor, etc | বাংলা একাডেমী, |
| Date of publication, distribution, etc | 1978 |
| 300 ## - PHYSICAL DESCRIPTION | |
| Pagination | 480 p. : |
| Dimensions | 24 cm. |
| 650 ## - SUBJECT ADDED ENTRY--TOPICAL TERM | |
| Topical term or geographic name as entry element | Collection of Folksongs |
| 942 ## - ADDED ENTRY ELEMENTS (KOHA) | |
| Source of classification or shelving scheme | Dewey Decimal Classification |
| Koha item type | Books |
| Source of classification or shelving scheme | volume number | Damaged status | Not for loan | Home library | Current library | Shelving location | Date of accession | Cost, normal purchase price | Total Checkouts | Full call number | Barcode | Date last seen | Copy number | Koha item type |
|---|---|---|---|---|---|---|---|---|---|---|---|---|---|---|
| Dewey Decimal Classification | V-7 | JCC Rouf Library | JCC Rouf Library | General Stacks | 10/30/2017 | 50.00 | 782.42162 UDD 1978 | 2592 | 10/30/2017 | C-1 | Books | |||
| Dewey Decimal Classification | V-9 | JCC Rouf Library | JCC Rouf Library | General Stacks | 11/19/2017 | 80.00 | 782.42162 UDD 1978 | 5425 | 11/19/2017 | C-2 | Books | |||
| Dewey Decimal Classification | JCC Rouf Library | JCC Rouf Library | General Stacks | 11/29/2017 | 10.00 | 782.42162 UDD 1978 | 6063 | 11/29/2017 | C-3 | Books |